| 000 | 00794nam a22001935i 4500 | ||
|---|---|---|---|
| 001 | 178620 | ||
| 003 | ES-MaACL | ||
| 005 | 20230906220556.0 | ||
| 008 | 110609s1969 sp |||| | spa d | ||
| 080 | _a612.11 | ||
| 100 | 1 |
_aGarcía San Miguel, Juan. _955253 |
|
| 245 | 1 | 3 |
_aLa adhesividad plaquetaria en la clínica / _cresumen de la tesis presentada para aspirar al grado de doctor en medicina por Juan García San Miguel. |
| 260 |
_aBarcelona : _bUniversidad de Barcelona, Secretariado de Publicaciones, Intercambio Científico y Extensión Universitaria : _bIvern, _c1969. |
||
| 300 |
_a21 p. ; _c24 cm. |
||
| 500 | _aCub. tomada como port. | ||
| 650 | 4 |
_aPlaquetas sanguíneas. _9147030 |
|
| 710 | 2 |
_aUniversidad de Barcelona. _97141 |
|
| 852 |
_aES-MaACL _jE-15361 (25) _xOlim P-1374 |
||
| 999 |
_c178620 _d178620 |
||